| 000 | 00822nam a22002297a 4500 | ||
|---|---|---|---|
| 999 |
_c4573 _d4573 |
||
| 003 | AR-CdUCM | ||
| 008 | 190311b ||||| |||| 00| 0 spa d | ||
| 040 |
_aMUNICIPALIDAD PROVINCIAL DEL CUSCO _cBIBLIOTECA MUNICIPAL DEL CUSCO |
||
| 082 |
_a869.56 / _bZ36 |
||
| 100 |
_aZanetti, Susana _914296 |
||
| 245 | _aJorge Isaacs / | ||
| 260 |
_aBuenos Aires : _bCentro editor de América Latina, _c1967. |
||
| 300 |
_a63 páginas ; _c19 cm. |
||
| 440 |
_aEnciclopedia Literaria España y Latinoamérica _n2 _914297 |
||
| 500 | _aDonación de Luis Nieto | ||
| 505 | _aContenido: Infancia y adolescencia -- El paraíso perdido -- Autor teatral -- Poeta de éxito -- Nacimiento de María -- María... | ||
| 650 |
_aLiteratura _983 |
||
| 650 |
_aCauca _914298 |
||
| 650 |
_aGuajira _914299 |
||
| 942 |
_2ddc _cLIBROS |
||
| 945 | _adavv | ||